00385nam a22001217a 450000500170000000800410001704000070005804100080006508200200007324501030009326000410019670000260023720240306141645.0240306b ||||| |||| 00| 0 eng d cAL aeng 223a658.3bPERS aPersonnel Management Practices in a Public Sector Undertaking:bA Case Study of Astral Watches Ltd aMangalorebSt Aloysius Collegec1995 aRAMACHANDRAN (Sanjay)